=LDR 00000nam 2200000 4500 =001 INLIS000000000026857 =005 20200619085252 =035 ##$$a 0010-061300000026857 =008 200619################g##########0#ind## =041 ##$$a ind =082 ##$$a 2x4.54 =090 ##$$a 2x4.54, HAE m =100 ##$$a Al-Haetami, M. Iqbal =245 1#$$a Married by accident : $b Teropong Islam /$c M. Iqbal Al-Haetami =260 ##$$a Jakarta :$b Qultum Media,$c 2004 =300 ##$$a xvi, 204 hlm., ; $c 18 x 11 cm. =650 #4$$a Hukum Islam - Zina =850 ##$$a NBPNMAT =084 ##$$a 2x4.54 Hal m =990 ##$$a 20705655 =990 ##$$a 20705654